[Event "Antofagasta Zicosur op 2nd"]
[Site "Antofagasta"]
[Date "2016.01.07"]
[Round "4"]
[White "Garmendia Vega, Sofia"]
[Black "Contreras Santibanez, Monica"]
[Result "1-0"]
[WhiteElo "1335"]
[BlackElo "1618"]
[PlyCount "77"]
[EventDate "2016.01.05"]
[EventType "swiss"]
[EventRounds "9"]
[EventCountry "CHI"]
[SourceTitle "CBM 170 Extra"]
[Source "ChessBase"]
[SourceDate "2016.02.25"]
[SourceVersion "1"]
[SourceVersionDate "2016.02.25"]
[SourceQuality "1"]

1. e4 e6 2. d4 d5 3. Nc3 Bb4 4. exd5 exd5 5. Qf3 Be6 6. Bd3 Nc6 7. Nge2 Nge7 8. Bf4 Qd7 9. 0-0-0 h6 10. h3 0-0-0 11. a3 Bd6 12. Qe3 Rhe8 13. Rhe1 Bf5 14. Bxd6 Qxd6 15. g4 Bxd3 16. Rxd3 Ng6 17. Qd2 Re6 18. Re3 Rde8 19. Ng3 Nh4 20. Nf5 Nxf5 21. gxf5 Rxe3 22. Rxe3 Ne7 23. Qd3 c6 24. Na4 Qf4 25. Kd1 Kd8 26. Nc5 b5 27. a4 Qxf2 28. axb5 cxb5 29. Qe2 Qh4 30. Qg4 Qf6 31. Rf3 Kc7 32. Qf4+ Kc8 33. Ra3 Kd8 34. Rxa7 Nc8 35. Qb8 Qxd4+ 36. Nd3 Qg1+ 37. Kd2 Qe3+ 38. Kc3 b4+ 39. Kb3 1-0